| Tag |
First Indicator |
Second Indicator |
Subfields |
| LEADER |
00000cam a2200000Ma 4500 |
| 001 |
in00003553521 |
| 006 |
m o d |
| 007 |
cr |n||||||||| |
| 008 |
920116s1992 sz a ob 000 0 eng d |
| 005 |
20260422215939.7 |
| 020 |
|
|
|a 9783034886291 (electronic bk.)
|
| 020 |
|
|
|a 3034886292 (electronic bk.)
|
| 020 |
|
|
|z 3764327235
|
| 020 |
|
|
|z 9783764327231
|
| 020 |
|
|
|z 0817627235
|
| 020 |
|
|
|z 9780817627232
|
| 035 |
|
|
|a (OCoLC)828775522
|
| 040 |
|
|
|a VT2
|b eng
|e pn
|c VT2
|d OCLCO
|d UV0
|d GW5XE
|d OCLCQ
|d OCLCF
|d UtOrBLW
|
| 049 |
|
|
|a TXAM
|
| 050 |
|
4 |
|a QA71-90
|
| 082 |
0 |
4 |
|a 515/.353
|2 20
|
| 100 |
1 |
|
|a LeVeque, Randall J.,
|d 1955-
|
| 245 |
1 |
0 |
|a Numerical methods for conservation laws /
|c Randall J. LeVeque.
|
| 250 |
|
|
|a 2nd ed.
|
| 264 |
|
1 |
|a Basel ;
|a Boston :
|b Birkhäuser Verlag,
|c 1992.
|
| 300 |
|
|
|a 1 online resource (214 pages) :
|b illustrations.
|
| 336 |
|
|
|a text
|b txt
|2 rdacontent
|
| 337 |
|
|
|a computer
|b c
|2 rdamedia
|
| 338 |
|
|
|a online resource
|b cr
|2 rdacarrier
|
| 490 |
1 |
|
|a Lectures in mathematics ETH Zürich
|
| 504 |
|
|
|a Includes bibliographical references (pages 208-214).
|
| 520 |
|
|
|a These notes were developed for a graduate-level course on the theory and numerical solution of nonlinear hyperbolic systems of conservation laws. Part I deals with the basic mathematical theory of the equations: the notion of weak solutions, entropy conditions, and a detailed description of the wave structure of solutions to the Riemann problem. The emphasis is on tools and techniques that are indispensable in developing good numerical methods for discontinuous solutions. Part II is devoted to the development of high resolution shock-capturing methods, including the theory of total variation diminishing (TVD) methods and the use of limiter functions. The book is intended for a wide audience, and will be of use both to numerical analysts and to computational researchers in a variety of applications.
|
| 500 |
|
|
|a Electronic resource.
|
| 650 |
|
0 |
|a Differential equations, Hyperbolic
|x Numerical solutions.
|
| 650 |
|
0 |
|a Conservation laws (Mathematics)
|
| 650 |
|
0 |
|a Shock waves.
|
| 650 |
|
7 |
|a Conservation laws (Mathematics)
|2 fast
|0 (OCoLC)fst00875496
|
| 650 |
|
7 |
|a Differential equations, Hyperbolic
|x Numerical solutions.
|2 fast
|0 (OCoLC)fst00893465
|
| 650 |
|
7 |
|a Shock waves.
|2 fast
|0 (OCoLC)fst01116729
|
| 655 |
|
7 |
|a Electronic books.
|2 local
|
| 710 |
2 |
|
|a SpringerLink (Online service)
|
| 776 |
1 |
8 |
|i Print version:
|a LeVeque, Randall J., 1955-
|t Numerical methods for conservation laws.
|b 2nd ed.
|d Basel ; Boston : Birkhäuser Verlag, 1992
|w (DLC) 92003400
|
| 830 |
|
0 |
|a Lectures in mathematics ETH Zürich.
|
| 856 |
4 |
0 |
|u http://proxy.library.tamu.edu/login?url=https://link.springer.com/10.1007/978-3-0348-8629-1
|z Connect to the full text of this electronic book
|t 0
|
| 994 |
|
|
|a 92
|b TXA
|
| 999 |
|
|
|a MARS
|
| 999 |
f |
f |
|s af03e91d-6784-3d35-85b9-f3770bb4283a
|i c69ce659-a4ff-3ef3-9358-f4e019b44010
|t 0
|
| 952 |
f |
f |
|a Texas A&M University
|b College Station
|c Electronic Resources
|s www_evans
|d Available Online
|t 0
|e QA71-90
|h Library of Congress classification
|
| 998 |
f |
f |
|a QA71-90
|t 0
|l Available Online
|